01009cam a2200277 450000100060000000300080000600500170001400800390003102000150007003500190008504000320010404100080013608200200014410000390016424501040020326000340030730000340034149000250037550000220040050400450042265000630046770000390053094200120056999900170058195201330059818760BD-RjUL20211209000330.0140222s1971 enkc b 001 0 eng a0389042129 a(BD-RjUL)18818 aDLCcDLCdDLCdBD-RjULbeng aeng00a821.3bHES 19711 aHerbert, George,d1593-1633.9122800aSelected poems of George Herbert /cEdited with an introd., commentary, and notes by Gareth Reeves. aLondon :bHeinemann, cc1971. aix, 171 p. :bport. ;c19 cm.0 aThe Poetry bookshelf aPoetry and prose. aIncludes bibliography (p. 32) and index. 0aChristian poetry, EnglishyEarly modern, 1500-1700.9578391 aReeves, Gareth,d1947-eed.957840 2ddccBK c18760d18760 00102ddc40718FICaRUCLbRUCLcReadingd1976-12-30eUNESCOg0.75l0o821.3 HES 1971r2014-02-22 00:00:00tC-1w2014-02-22yBK